Normal view
MARC view
Entry Personal Name
001 - CONTROL NUMBER
- control field: 22159
003 - CONTROL NUMBER IDENTIFIER
- control field: ARRUPE
005 - DATE AND TIME OF LATEST TRANSACTION
- control field: 20160209142825.0
008 - FIXED-LENGTH DATA ELEMENTS
- fixed length control field: 160209|| aca||aabn | a|a d
040 ## - CATALOGING SOURCE
- Original cataloging agency: ARRUPE
- Transcribing agency: ARRUPE
100 ## - HEADING--PERSONAL NAME
- Personal name: Leo
- Numeration: XIII,
- Titles and other words associated with a name: Pope,
- Dates associated with a name: 1810-1903.
670 ## - SOURCE DATA FOUND
- Source citation: Work cat.: (ARRUPE)0: Gargan, Edward T., 1922- 22158, Leo XIII and the modern world., [1961]